| 000 | 00646nam a2200133Ia 4500 | ||
|---|---|---|---|
| 008 | 220615s9999||||xx |||||||||||||| ||und|| | ||
| 020 | _a9780260000000 | ||
| 245 | 4 |
_aThe Immigrant-Food Nexus _bBorders, Labor, and Identity in North America |
|
| 546 | _aEnglish[eng] | ||
| 650 | _atransnational||translocal||identities||performance||immigrant||anti-immigrant||xenophobia||populism||labor||gender||Alternative Food Movement||marginalization||sustainable agriculture||culture||borders||boundaries||racism||agriculture||sustainability | ||
| 700 | _aAgyeman, Julian||Giacalone, Sydney | ||
| 856 | _uhttp://mitpress.mit.edu/9780262538411 | ||
| 942 | _cEB | ||
| 999 |
_c17406 _d17406 |
||